00468nam a2200145Ia 4500008004100000020001800041041000800059082001600067100001800083245014800101250000600249260003200255300001200287650002300299210716s2012 xx 000 0 und d a9780749465438 aeng a374.22 FOSJ aFoster, John. aWriting skills for public relations: style and technique for mainstream and social media.bStyle and technique for mainstream and social media. a5 aNew DelhibKogan Pagec2012 axiv,266 aGeneral Management